| 000 | 00948cam a2200325 a 4500 | ||
|---|---|---|---|
| 001 | 112437 | ||
| 005 | 20230410142347.0 | ||
| 008 | 940921s2002 ag b 000 0 spa | ||
| 035 | _9(DLC) 94210937 | ||
| 035 | _a3026240 | ||
| 010 | _a 94210937 | ||
| 020 | _a9500722763 | ||
| 020 | _a9789500722766 | ||
| 035 | _a(ItFiC)it 94140235 | ||
| 041 | _aspa | ||
| 050 | 1 | 4 |
_aBX 819.3 _bM585o 2002 |
| 082 | 0 | 0 | _a267.182 |
| 100 | 1 |
_aMessori, Vittorio, _d1941- |
|
| 245 | 1 | 0 |
_aOpus Deii : _buna investigación / _cVittorio Messori ; traducción de Yago de la Sierva. |
| 260 |
_aBuenos Aires : _bEditorial Sudamericana, _c2002. |
||
| 300 |
_a293 p. ; _c23 cm. |
||
| 490 | 0 | _aFrecce | |
| 500 | _aTítulo original: Opus Dei: un'indagine. | ||
| 504 | _aIncluye bibliografías. | ||
| 650 | 4 |
_aOpus Dei _xHistoria. |
|
| 650 | 4 | _aAcción católica. | |
| 610 | 2 | 0 | _aOpus Dei (Society) |
| 700 | 1 |
_aCierva, Yago de la, _etr. |
|
| 942 |
_2lcc _cbk |
||
| 999 |
_c94249 _d94249 |
||